000 01264nam a2200349 c 4500
003 BLK
005 20180420232648.0
008 180409b bul|||||r ||||||| ||bul||
010 _aKNG00140346000
020 _a978-954-28-1067-4
_bиздат.: Сиела Норма
040 _aBLK
041 _aBUL
_cBUL
072 7 _2bullib
_aН34
_xПраво Н
080 _aНаследствено право. Наследяване
_b347.65
_x(497.2)(094.57.072)
_z347.65(497.2)(094.57.072)
100 1 _aАспарухова, Катя
_eпърви автор
_9324407
139 _aАспарухова, Катя
_bА 92
245 1 0 _aНаследяването по закон
_cКатя Аспарухова.
257 _aBGR
260 София
_bСиела Норма
_c2012
300 _a216 с.
_c21 см
380 _a3
500 _aИзползвани съкращения ; Библиогр. 212-215.
650 4 _aНаследствено право - България
_9243212
651 4 _aБългария
_9241624
653 _aнаследствено право
659 _aН
852 _aЦб 258622
856 4 _qpdf
_u
856 4 _qpdf
_u
942 _cKNG
_n0
944 _aCR
_c06.03.2013
_lф /
_kЛюдмила_Стоянова
944 _aED
_c15.03.2013
_lф /
_k
999 _c134432
_d134432